| 000 | 00489nam a2200157Ia 4500 | ||
|---|---|---|---|
| 008 | 170221s9999 xx 000 0 und d | ||
| 100 | _aVittorio Marone | ||
| 245 | _a“Keep in mind that I will be improving”: The Opening Post as a Request for Absolution | ||
| 245 | _cVittorio Marone | ||
| 260 | _bOnline Journal of Communication and Media Technologies | ||
| 260 | _c2013 | ||
| 300 | _a4 : | ||
| 650 | _xCommunication | ||
| 650 | _xMedia Arts | ||
| 856 | _uhttp://www.ojcmt.net/ | ||
| 999 |
_c308829 _d308829 |
||